Listen to the flames: (Record no. 153855)

MARC details
000 -LEADER
fixed length control field 00680nam a22002057a 4500
005 - DATE AND TIME OF LATEST TRANSACTION
control field 20180711165848.0
010 ## - LCCN (DPL NO)
LC control number ENG-123448
020 ## - INTERNATIONAL STANDARD BOOK NUMBER
Terms of availability 250.00
International Standard Book Number 9780199467609
035 ## - SYSTEM CONTROL NUMBER
System control number EN-106980
037 ## - SOURCE OF ACQUISITION
Source of stock number/acquisition DBAD/PUB.
082 ## - DEWEY DECIMAL CLASSIFICATION NUMBER
Classification number 891.409
245 ## - TITLE STATEMENT
Title Listen to the flames:
Statement of responsibility, etc ed. by Tapan Basu; Indranil Acharya [and] A. Mangai
Remainder of title texts and reading from the margins /
260 ## - PUBLICATION, DISTRIBUTION, ETC. (IMPRINT)
Place of publication, distribution, etc New Delhi
Name of publisher, distributor, etc Oxford University Press
Date of publication, distribution, etc 2016
270 ## - ADDRESS
Address 2/11, Ground Floor, Ansari Road, Daryaganj,
City New Delhi
Postal code 110002
300 ## - PHYSICAL DESCRIPTION
Extent xxiv,160p.
Dimensions 21cm(pbk)
700 ## - ADDED ENTRY--PERSONAL NAME
Personal name Basu, Tapan
700 ## - ADDED ENTRY--PERSONAL NAME
Personal name Acharya,Indranil
700 ## - ADDED ENTRY--PERSONAL NAME
Personal name Mangai A.
942 ## - ADDED ENTRY ELEMENTS (KOHA)
Source of classification or shelving scheme Dewey Decimal Classification
Item type English Books
Classification part 891.409
Call number suffix LIS
Holdings
Withdrawn status Lost status Not for loan Collection code Home library Current library Date acquired Source of acquisition Cost, normal purchase price Full call number Barcode Copy number Cost, replacement price Koha item type
    Not For Loan Non-fiction D.B.Act.Division Bawana 12/07/2018 DBAD/PUB 250.00 891.409 LIS EN-106980 1 250.00 English Books

© Delhi Public Library
Hit Counter
free hit counter